[Event "AUT-ch U08 Online Blitz"]
[Site "Playchess.com INT"]
[Date "2020.12.11"]
[Round "1"]
[White "Rashev, Dimitar"]
[Black "Schwarz, Timo"]
[Result "1/2-1/2"]
[WhiteElo "1279"]
[BlackElo "1584"]
[PlyCount "86"]
[EventDate "2020.12.11"]
[EventType "swiss (blitz)"]
[EventRounds "7"]
[EventCountry "AUT"]
[SourceTitle "EXT 2022"]
[Source "ChessBase"]
[SourceDate "2021.10.06"]
[SourceVersion "1"]
[SourceVersionDate "2021.10.06"]
[SourceQuality "1"]

1. e4 e5 2. Nf3 d6 3. Nc3 Nc6 4. d3 Bd7 5. Bd2 Nf6 6. Be2 Be7 7. 0-0 Nd4 8. Nxd4 exd4 9. Nd5 Nxd5 10. exd5 0-0 11. c3 h6 12. h3 a6 13. a3 Bf6 14. cxd4 Bxd4 15. Be3 Bxb2 16. Rb1 Bxa3 17. f3 Re8 18. Qd2 Rb8 19. g3 Bxh3 20. Rf2 Rxe3 21. Qxe3 Bc5 22. Qd2 Bxf2+ 23. Kxf2 b5 24. g4 Qg5 25. Qxg5 hxg5 26. Kg3 Re8 27. Kf2 Re7 28. Re1 a5 29. Kg3 Bf1 30. Rxf1 Rxe2 31. Rg1 Rd2 32. Rg2 Rxd3 33. Rf2 a4 34. Rg2 a3 35. Kh3 b4 36. Kg3 b3 37. Kh3 b2 38. Kg3 b1Q 39. Kh3 Qf1 40. Kg3 Qxg2+ 41. Kxg2 a2 42. Kg3 a1Q 43. Kh3 Qg1 1/2-1/2